Who Voiced Them? - Statistics

General Stats
  • This quiz has been taken 6 times
  • The average score is 21 of 50
Answer Stats
Hint Answer % Correct
Dracula - Hotel Transylvania Adam Sandler
75%
Rocket Raccoon - Guardians Of The Galaxy Bradley Cooper
75%
Mrs Potts - Beauty And The Beast Angela Lansbury
50%
Poppy - Trolls Anna Kendrick
50%
Princess Peach - The Super Mario Bros. Movie Anya Taylor-Joy
50%
Alex - Madagascar Ben Stiller
50%
MetroMan - Megamind Brad Pitt
50%
Fiona - Shrek Cameron Diaz
50%
Barley Lightfoot - Onward Chris Pratt
50%
Phil - Hercules Danny DeVito
50%
Maui - Moana Dwayne Johnson
50%
Mushu - Mulan Eddie Murphy
50%
Dory - Finding Nemo Ellen DeGeneres
50%
Eep - The Croods Emma Stone
50%
Sir Lionel Frost - Missing Link Hugh Jackman
50%
Mufasa - The Lion King James Earl Jones
50%
Ultron - Avengers: Age Of Ultron James Spader
50%
Ralph - Wreck-It Ralph John C Reilly
50%
James P Sullivan - Monsters, Inc John Goodman
50%
Duke Caboom - Toy Story 4 Keanu Reeves
50%
Hopper - A Bug's Life Kevin Spacey
50%
Cale - Titan A.E. Matt Damon
50%
Buster Moon - Sing Matthew McConaughey
50%
Milo Thatch - Atlantis: The Lost Empire Michael J Fox
50%
Lightning McQueen - Cars Owen Wilson
50%
Tip - Home Rihanna
50%
Genie - Aladdin Robin Williams
50%
EB - Hop Russell Brand
50%
Gru - Despicable Me Steve Carrell
50%
Walter Beckett - Spies In Disguise Tom Holland
50%
Astrid - How To Train Your Dragon America Ferrera
25%
Jewel - Rio Anne Hathaway
25%
Asha - Wish Ariana DeBose
25%
Tarantula - The Bad Guys Awkwafina
25%
Jack Frost - Rise Of The Guardians Chris Pine
25%
Diego - Ice Age Denis Leary
25%
Rodney Copperbottom - Robots Ewan McGregor
25%
Horton - Horton Hears A Who! Jim Carrey
25%
Kenai - Brother Bear Joaquin Phoenix
25%
Ariel - The Little Mermaid Jodi Benson
25%
Olaf - Frozen Josh Gad
25%
Merida - Brave Kelly Macdonald
25%
Snowball - The Secret Life Of Pets Kevin Hart
25%
Rapunzel - Tangled Mandy Moore
25%
Susan - Monsters Vs Aliens Reese Witherspoon
25%
Vanessa Bloome - Bee Movie Renee Zellweger
25%
Scarlet Overkill - Minions Sandra Bullock
25%
Mantis - Kung Fu Panda Seth Rogen
25%
Mirabel - Encanto Stephanie Beatriz
25%
Oscar - Shark Tale Will Smith
25%
No matching quizzes found
Score Distribution
Percent of People with Each Score
Percentile by Number Answered
Your Score History
You have not taken this quiz